| 000 | 00437nab a2200145Ia 4500 | ||
|---|---|---|---|
| 003 | ES-SlBCS | ||
| 005 | 20210601131743.0 | ||
| 008 | 140529s1932 xxu||||| |||| 00| 0 fre d | ||
| 041 | _afre | ||
| 100 | 1 |
_aFlajollet, J. _9188602 |
|
| 245 | 0 | 0 |
_aInfluence de l'enseignement religieux _c J. Flajollet |
| 650 | 0 | 4 |
_aEnseñanza Religiosa _9127835 |
| 773 | 0 |
_tVie Intelectuelle (La) _gvol. 18, nº. 2, 1932, págs. 317-341 _wRev907 |
|
| 942 | _cAR | ||
| 999 |
_c568215 _d568215 |
||